|
|
|
|
| LEADER |
00000cam a22000004a 4500 |
| 001 |
musev2_49562 |
| 003 |
MdBmJHUP |
| 005 |
20230905045140.0 |
| 006 |
m o d |
| 007 |
cr||||||||nn|n |
| 008 |
160712t20172017onc o 00 0 eng d |
| 020 |
|
|
|a 9781771122597
|
| 020 |
|
|
|z 1771122595
|
| 020 |
|
|
|z 9781771122351
|
| 035 |
|
|
|a (OCoLC)971957497
|
| 040 |
|
|
|a MdBmJHUP
|c MdBmJHUP
|
| 245 |
0 |
0 |
|a Gandhi in a Canadian Context :
|b Relationships between Mahatma Gandhi and Canada /
|c Alex Damm, editor.
|
| 264 |
|
1 |
|a Waterloo, Ontario, Canada :
|b Wilfrid Laurier University Press,
|c [2017]
|
| 264 |
|
3 |
|a Baltimore, Md. :
|b Project MUSE,
|c 2017
|
| 264 |
|
4 |
|c ©[2017]
|
| 300 |
|
|
|a 1 online resource (200 pages):
|b illustration ;
|
| 336 |
|
|
|a text
|b txt
|2 rdacontent
|
| 337 |
|
|
|a computer
|b c
|2 rdamedia
|
| 338 |
|
|
|a online resource
|b cr
|2 rdacarrier
|
| 500 |
|
|
|a Essays in this volume were previously presented at the conference "Gandhi in a Canadian context" held in 2012 at Wilfrid Laurier University.
|
| 505 |
0 |
|
|a Mahatma Gandhi's understanding of Canada / Alex Damm -- A dent in his saintly halo? Mahatma Gandhi's intolerance against cowards / Scott Daniel Dunbar -- Gandhi and Islam: their history and implications for Canada today / Ramin Jahanbegloo -- Gandhi in Canadian academic religious studies : an overview / Harold Coward -- Do Gandhi's teachings have relevance today? / Kay Koppedrayer -- The Gandhian-inspired Mahila Shanti Sena movement in India and its Canadian connection / Anne M. Pearson -- "Gandhi" in Canada in the later part of the twentieth century / Paul Younger -- Mahatma Gandhi and Winnipeg, Manitoba / Klaus Klostermaier -- Who speaks for the conscience of Canada? Twenty years of Hamilton's Gandhi Peace Festival : local lessons, global relevance / Rama S. Singh.
|
| 520 |
|
|
|a Examines a range of intriguing and under-studied connections between India's greatest nationalist leader, mahatma Gandhi (1869-1948), and facets of life in Canada, including Gandhi's interest in and contact with Canada and Canadians early in the twentieth century, and the implications of Gandhi's thinking on a range of issues in Canadian society today. This collection of essays by Canadian scholars explores topics such as Gandhi's awareness of Canada; the academic study of Gandhi in Canadian higher education; and dimensions of Gandhi's thought that demand greater attention and have enduring relevance for individuals and communities in Canada. these range from a peace-oriented Islam and participation in direct-action campaigns to a more constructive politics and environmental stewardship. The book will be of interest to scholars in Gandhi studies, education, Canadian history, and sociology, as well as to the general reader who seeks to reflect on how traditions of non-violence and conflict resolution championed bGandhihi might contribute to social progress in Canada.
|
| 588 |
|
|
|a Description based on print version record.
|
| 600 |
1 |
7 |
|a Gandhi,
|c Mahatma,
|d 1869-1948.
|2 fast
|0 (OCoLC)fst00033822
|
| 600 |
1 |
6 |
|a Gandhi,
|c Mahatma,
|d 1869-1948
|x Enseignements
|v Congres.
|
| 600 |
1 |
6 |
|a Gandhi,
|c Mahatma,
|d 1869-1948
|x Influence
|v Congres.
|
| 600 |
1 |
6 |
|a Gandhi, Mahatma,
|d 1869-1948
|v Congres.
|
| 600 |
1 |
1 |
|a Gandhi,
|c Mahatma,
|d 1869-1948
|x Enseignements
|v Congres.
|
| 600 |
1 |
0 |
|a Gandhi,
|c Mahatma,
|d 1869-1948
|x Teachings
|v Congresses.
|
| 600 |
1 |
0 |
|a Gandhi,
|c Mahatma,
|d 1869-1948
|x Influence
|v Congresses.
|
| 600 |
1 |
0 |
|a Gandhi,
|c Mahatma,
|d 1869-1948
|v Congresses.
|
| 650 |
|
7 |
|a Teachings.
|2 fast
|0 (OCoLC)fst01355128
|
| 650 |
|
7 |
|a Statesmen.
|2 fast
|0 (OCoLC)fst01131990
|
| 650 |
|
7 |
|a Social conditions.
|2 fast
|0 (OCoLC)fst01919811
|
| 650 |
|
7 |
|a Passive resistance.
|2 fast
|0 (OCoLC)fst01054436
|
| 650 |
|
7 |
|a Nonviolence.
|2 fast
|0 (OCoLC)fst01039027
|
| 650 |
|
7 |
|a Influence (Literary, artistic, etc.)
|2 fast
|0 (OCoLC)fst00972484
|
| 650 |
|
6 |
|a Hommes d'État
|z Inde
|v Biographies
|v Congres.
|
| 650 |
|
6 |
|a Resistance passive
|v Congres.
|
| 650 |
|
6 |
|a Non-violence
|v Congres.
|
| 650 |
|
0 |
|a Statesmen
|z India
|v Biography
|v Congresses.
|
| 650 |
|
0 |
|a Passive resistance
|v Congresses.
|
| 650 |
|
0 |
|a Nonviolence
|v Congresses.
|
| 651 |
|
7 |
|a India.
|2 fast
|0 (OCoLC)fst01210276
|
| 651 |
|
7 |
|a Canada.
|2 fast
|0 (OCoLC)fst01204310
|
| 651 |
|
6 |
|a Canada
|x Conditions sociales
|v Congres.
|
| 651 |
|
0 |
|a Canada
|x Social conditions
|v Congresses.
|
| 655 |
|
7 |
|a Conference papers and proceedings.
|2 fast
|0 (OCoLC)fst01423772
|
| 655 |
|
7 |
|a Electronic books.
|2 local
|
| 700 |
1 |
|
|a Damm, Alex,
|d 1973-,
|e author,
|e editor.
|
| 711 |
2 |
|
|a Gandhi in a Canadian Context (Conference)
|n (2012 :
|c Waterloo, Ont.)
|
| 710 |
2 |
|
|a Project Muse.
|e distributor
|
| 830 |
|
0 |
|a Book collections on Project MUSE.
|
| 856 |
4 |
0 |
|z Texto completo
|u https://projectmuse.uam.elogim.com/book/49562/
|
| 945 |
|
|
|a Project MUSE - Custom Collection
|
| 945 |
|
|
|a Project MUSE - 2017 Complete
|
| 945 |
|
|
|a Project MUSE - 2017 Philosophy and Religion
|